| 000 | 00000cam 2200000zi 4500 |
| 001 | 9.961883 |
| 003 | CaOODSP |
| 005 | 20260603141929 |
| 006 | m o d f |
| 007 | cr cn |||||||| |
| 008 | 260413t20262026onca o f000 0 fre d |
| 020 | |a9780660995328 |
| 040 | |aCaOODSP|bfre|erda|cCaOODSP |
| 043 | |an-cn--- |
| 086 | 1 |aBT22-296/2026F-PDF |
| 245 | 00|aCadre de qualité de vie pour le Canada. |
| 264 | 1|aOttawa, Ontario : |bSecrétariat du Conseil du trésor du Canada = Treasury Board of Canada Secretariat, |c2026. |
| 264 | 4|c©2026 |
| 300 | |a1 ressource en ligne (5 pages) : |billustration |
| 336 | |atexte|btxt|2rdacontent/fre |
| 337 | |ainformatique|bc|2rdamedia/fre |
| 338 | |aressource en ligne|bcr|2rdacarrier/fre |
| 500 | |aPublié aussi en anglais sous le titre : Quality of life framework for Canada. |
| 500 | |a« Publié : le 2025-12-22. » |
| 650 | 6|aQualité de la vie|xPolitique gouvernementale|zCanada. |
| 710 | 1 |aCanada. |bConseil du trésor, |eorganisme de publication. |
| 775 | 08|tQuality of life framework for Canada.|w(CaOODSP)9.961884 |
| 856 | 40|qPDF|s969 Ko|uhttps://publications.gc.ca/collections/collection_2026/sct-tbs/BT22-296-2026-fra.pdf |
| 856 | 4 |qHTML|sS.O.|uhttps://www.canada.ca/fr/gouvernement/systeme/rapports-pangouvernementaux-depenses-activites/depenses-gouvernement/cadre-qualite-vie-canada.html |